[Event "Quebec op"]
[Site "Montreal CAN"]
[Date "2007.07.28"]
[Round "9"]
[White "Yoos, John"]
[Black "Tu, Hoang Thong"]
[Result "0-1"]
[WhiteElo "2369"]
[BlackElo "2483"]
[PlyCount "90"]
[GameId "2160767910576295"]
[EventDate "2007.07.20"]
[EventType "swiss"]
[EventRounds "9"]
[EventCountry "CAN"]
[SourceTitle "CBM 119 Extra"]
[Source "ChessBase"]
[SourceDate "2007.09.04"]
[SourceVersion "1"]
[SourceVersionDate "2007.09.04"]
[SourceQuality "1"]

1. e4 Nc6 2. d4 d5 3. e5 Bf5 4. h4 h5 5. Ne2 e6 6. Ng3 Bg6 7. Be2 Nb4 8. Na3 c5 9. c3 Nc6 10. Be3 cxd4 11. cxd4 Qa5+ 12. Kf1 Qb6 13. Nb5 a6 14. Nd6+ Bxd6 15. exd6 Nf6 16. b3 Rd8 17. Rc1 Rxd6 18. a3 Qa5 19. Ra1 Qc3 20. b4 Na7 21. Kg1 Rc6 22. Bg5 Nb5 23. Bxb5 axb5 24. Bxf6 gxf6 25. Ne2 Qd3 26. Rh3 Qxd1+ 27. Rxd1 Kd7 28. Nf4 Rhc8 29. Rg3 Rc3 30. f3 Bc2 31. Rc1 Ke7 32. Rg7 R8c4 33. Rg8 Rxa3 34. Rb8 Ra7 35. Nxh5 Bg6 36. Rxc4 bxc4 37. Nf4 c3 38. Rc8 Ra3 39. Nxg6+ fxg6 40. b5 Kd7 41. Rc5 b6 42. Rc6 e5 43. dxe5 fxe5 44. Kf1 d4 45. Ke2 c2 0-1

[Event "Quebec op U1700"]
[Site "Montreal CAN"]
[Date "2007.07.23"]
[Round "4"]
[White "Ah-Lan, Kenny"]
[Black "Azimov, Richard"]
[Result "0-1"]
[WhiteElo "1647"]
[BlackElo "1489"]
[PlyCount "72"]
[GameId "2160767910576296"]
[EventDate "2007.07.20"]
[EventType "swiss"]
[EventRounds "9"]
[EventCountry "CAN"]

1. e4 e5 2. Nf3 Nc6 3. Bb5 a6 4. Ba4 Nf6 5. O-O Be7 6. Re1 O-O 7. c3 b5 8. Bb3 d5 9. exd5 Nxd5 10. Nxe5 Nxe5 11. Rxe5 c6 12. Bxd5 cxd5 13. d4 Bd6 14. Re1 Qh4 15. g3 Qh3 16. Qf3 Bg4 17. Qxd5 Rae8 18. Be3 Kh8 19. Nd2 Re6 20. Qg2 Qh5 21. f3 Bh3 22. Qf2 f5 23. f4 g5 24. d5 Rxe3 25. Qxe3 gxf4 26. Qd4+ Kg8 27. Qf2 fxg3 28. hxg3 f4 29. Ne4 fxg3 30. Qe2 Rf1+ 31. Qxf1 Bc5+ 32. Nxc5 Bxf1 33. Re8+ Qxe8 34. Rxf1 Qe3+ 35. Kg2 Qe2+ 36. Kxg3 Qxf1 0-1

[Event "Quebec op U1700"]
[Site "Montreal CAN"]
[Date "2007.07.24"]
[Round "4"]
[White "Blais, Georges"]
[Black "Miron, Gilles"]
[Result "1-0"]
[WhiteElo "1587"]
[BlackElo "1320"]
[PlyCount "45"]
[GameId "2160767910576297"]
[EventDate "2007.07.20"]
[EventType "swiss"]
[EventRounds "9"]
[EventCountry "CAN"]

1. Nf3 d5 2. e4 dxe4 3. Ng5 Nf6 4. Nc3 Bf5 5. Bc4 e6 6. f3 exf3 7. Qxf3 Nc6 8. Bb5 Qd6 9. Bxc6+ bxc6 10. d3 Rb8 11. O-O Be7 12. Nge4 Qd4+ 13. Be3 Qe5 14. Nxf6+ Bxf6 15. Qxc6+ Kf8 16. Rae1 Qa5 17. Bc5+ Kg8 18. b4 Qa3 19. Nd5 Bh4 20. g3 Bh3 21. Rf2 Bg5 22. Qxc7 Rd8 23. Qxf7# 1-0

[Event "Quebec op U2000"]
[Site "Montreal CAN"]
[Date "2007.07.21"]
[Round "2"]
[White "Sarra-Bournet, Marc"]
[Black "Lalumiere, Claude"]
[Result "1-0"]
[WhiteElo "1683"]
[BlackElo "1926"]
[PlyCount "47"]
[GameId "2160767910576298"]
[EventDate "2007.07.20"]
[EventType "swiss"]
[EventRounds "9"]
[EventCountry "CAN"]

1. e4 c5 2. Nc3 Nc6 3. f4 d6 4. Nf3 g6 5. Bc4 e6 6. f5 exf5 7. d3 Ne5 8. Nxe5 dxe5 9. exf5 Bxf5 10. Qf3 Qc8 11. Qd5 Be7 12. Qxf7+ Kd8 13. Qd5+ Bd7 14. O-O Qc7 15. Ne4 Kc8 16. Bd2 Bc6 17. Qe6+ Bd7 18. Qf7 Bf5 19. Qg7 Bf6 20. Qf8+ Qd8 21. Qxc5+ Qc7 22. Qxc7+ Kxc7 23. Bxg8 Bxe4 24. dxe4 1-0

[Event "Quebec op U2000"]
[Site "Montreal CAN"]
[Date "2007.07.21"]
[Round "2"]
[White "Villeneuve, Benoit"]
[Black "Blazkova, Barbora"]
[Result "1-0"]
[WhiteElo "1838"]
[BlackElo "1942"]
[PlyCount "67"]
[GameId "2160767910576299"]
[EventDate "2007.07.20"]
[EventType "swiss"]
[EventRounds "9"]
[EventCountry "CAN"]

1. e4 c5 2. Nf3 d6 3. d4 cxd4 4. Nxd4 Nf6 5. Nc3 a6 6. Be2 e5 7. Nb3 Be7 8. O-O O-O 9. Be3 Be6 10. f4 exf4 11. Rxf4 Nbd7 12. Qe1 Ne5 13. Rd1 Qc7 14. Nd2 Rac8 15. Rf1 b5 16. a3 d5 17. exd5 Nxd5 18. Nxd5 Bxd5 19. Nb1 Qc6 20. Qf2 Nc4 21. Bd4 Qg6 22. Bd3 f5 23. Nd2 Nxb2 24. Rde1 Bxa3 25. Nf3 Nxd3 26. cxd3 b4 27. Re7 Bf7 28. Nh4 Qg5 29. Nxf5 b3 30. h4 Qg6 31. Rb7 Rc2 32. Qf3 Re8 33. Nh6+ gxh6 34. Rxf7 1-0

[Event "Quebec op U2000"]
[Site "Montreal CAN"]
[Date "2007.07.23"]
[Round "4"]
[White "Gelet, Seymour"]
[Black "Muraszko, John"]
[Result "0-1"]
[WhiteElo "1439"]
[BlackElo "1581"]
[PlyCount "74"]
[GameId "2160767910576300"]
[EventDate "2007.07.20"]
[EventType "swiss"]
[EventRounds "9"]
[EventCountry "CAN"]

1. d4 f5 2. c4 Nf6 3. Nf3 d5 4. Bf4 e6 5. Nc3 c6 6. e3 Bb4 7. Qc2 Qa5 8. Bd3 dxc4 9. Bxc4 Ne4 10. Rc1 Na6 11. Ke2 Bxc3 12. bxc3 Nc7 13. Qb3 Nd5 14. Bxd5 exd5 15. Ne5 Qa6+ 16. c4 Be6 17. f3 Nf6 18. Kf2 O-O 19. c5 Rae8 20. Rb1 Bc8 21. h4 Qa5 22. Rhe1 Nh5 23. Re2 Qd8 24. Bg5 Qc7 25. Bf4 Qe7 26. g3 Qe6 27. Kg2 h6 28. Rf1 Qf6 29. Nd3 g5 30. Bd6 Rf7 31. Rb1 f4 32. hxg5 Qxg5 33. g4 Bxg4 34. Kh2 Ng3 35. Ree1 Qh4+ 36. Kg2 Qh3+ 37. Kg1 Qh1+ 0-1

[Event "Quebec op U2300"]
[Site "Montreal CAN"]
[Date "2007.07.20"]
[Round "1"]
[White "Courval, Francois"]
[Black "Hagesaether, Arne"]
[Result "1/2-1/2"]
[WhiteElo "1933"]
[BlackElo "2148"]
[PlyCount "81"]
[GameId "2160767910576301"]
[EventDate "2007.07.20"]
[EventType "swiss"]
[EventRounds "9"]
[EventCountry "CAN"]

1. e4 c6 2. d3 d5 3. Nd2 e5 4. g3 Nf6 5. Bg2 Bd6 6. Ne2 Be6 7. O-O Na6 8. Kh1 Qb6 9. h3 g5 10. exd5 cxd5 11. d4 e4 12. Nb3 h6 13. Be3 Qc7 14. Rc1 Qd7 15. Kh2 Rc8 16. Rh1 b6 17. Kg1 Nb4 18. a3 Nc6 19. h4 g4 20. Qd2 Ng8 21. Bf4 Nce7 22. Bf1 Nf5 23. Nc3 Kf8 24. Nb5 Bxf4 25. Qxf4 Nf6 26. h5 Rg8 27. Qe5 Nh7 28. Be2 Ke7 29. Nc3 Rg5 30. Qf4 Nf6 31. Qd2 e3 32. fxe3 Qd6 33. Qe1 Nxg3 34. Rh2 Ngxh5 35. Qh4 g3 36. Rg2 Rcg8 37. Nd2 Bg4 38. Nf3 Rf5 39. Ne5 Bxe2 40. Nxe2 Kf8 41. Rf1 1/2-1/2

[Event "Quebec op U2300"]
[Site "Montreal CAN"]
[Date "2007.07.20"]
[Round "1"]
[White "Houska, Jiri"]
[Black "Audet-Bouchard, Nicolas"]
[Result "1/2-1/2"]
[WhiteElo "2019"]
[BlackElo "2245"]
[PlyCount "43"]
[GameId "2160767910576302"]
[EventDate "2007.07.20"]
[EventType "swiss"]
[EventRounds "9"]
[EventCountry "CAN"]

1. e4 c5 2. Nf3 Nc6 3. d4 cxd4 4. Nxd4 Nf6 5. Nc3 d6 6. Bc4 Qb6 7. Nxc6 bxc6 8. O-O e6 9. b3 Be7 10. Qe2 O-O 11. Bb2 Nd7 12. Na4 Qa5 13. f4 d5 14. Bd3 Nb6 15. exd5 Nxa4 16. Bxh7+ Kxh7 17. Qh5+ Kg8 18. Bxg7 Kxg7 19. Qg4+ Kh7 20. Rf3 Qc3 21. Rxc3 Nxc3 22. Qh3+ 1/2-1/2

[Event "Quebec op U2300"]
[Site "Montreal CAN"]
[Date "2007.07.20"]
[Round "1"]
[White "Ibrahim, Anthony"]
[Black "Robidas, Francois"]
[Result "1-0"]
[WhiteElo "2176"]
[BlackElo "1996"]
[PlyCount "65"]
[GameId "2160767910576303"]
[EventDate "2007.07.20"]
[EventType "swiss"]
[EventRounds "9"]
[EventCountry "CAN"]

1. e4 Nf6 2. Nc3 d5 3. exd5 Nxd5 4. Nxd5 Qxd5 5. d4 Bf5 6. c4 Qe4+ 7. Be2 e6 8. Nf3 Nd7 9. O-O Bd6 10. Be3 O-O 11. Rc1 h6 12. Rc3 Nf6 13. h3 Qc6 14. Qc1 Rfd8 15. Rb3 Rab8 16. d5 exd5 17. c5 Bf8 18. Nd4 Qd7 19. Rxb7 Bg6 20. Bb5 Qc8 21. Ba6 Qxb7 22. Bxb7 Rxb7 23. Nc6 Re8 24. b4 Bd3 25. Re1 Bb5 26. Nd4 Bc4 27. a3 a5 28. Nc6 axb4 29. axb4 Bb5 30. Nd4 Bc4 31. Bd2 Ra8 32. Nf5 Ne4 33. Rxe4 1-0

[Event "Quebec op U2300"]
[Site "Montreal CAN"]
[Date "2007.07.20"]
[Round "1"]
[White "Le Duin, Thierry"]
[Black "Caire, Francois"]
[Result "0-1"]
[WhiteElo "2046"]
[BlackElo "2275"]
[PlyCount "58"]
[GameId "2160767910576304"]
[EventDate "2007.07.20"]
[EventType "swiss"]
[EventRounds "9"]
[EventCountry "CAN"]

1. d4 Nf6 2. Nf3 b6 3. Bg5 Bb7 4. Nbd2 d5 5. e3 e6 6. Bd3 Be7 7. O-O Nbd7 8. c3 c5 9. Qc2 h6 10. Bh4 O-O 11. Ne5 Nxe5 12. dxe5 Ng4 13. Bg3 Bh4 14. Bf4 g5 15. f3 gxf4 16. fxg4 fxe3 17. Nf3 Bf2+ 18. Kh1 d4 19. Be4 Bxe4 20. Qxe4 d3 21. Ne1 c4 22. Qxc4 Bxe1 23. Rfxe1 e2 24. Rg1 Kg7 25. a4 Rc8 26. Qe4 Rc7 27. a5 b5 28. h3 Rd7 29. g3 Qa8 0-1

[Event "Quebec op U2300"]
[Site "Montreal CAN"]
[Date "2007.07.20"]
[Round "1"]
[White "Luksza, Arkadiusz"]
[Black "Malette, Martin"]
[Result "1/2-1/2"]
[WhiteElo "2239"]
[BlackElo "2027"]
[PlyCount "104"]
[GameId "2160767910576305"]
[EventDate "2007.07.20"]
[EventType "swiss"]
[EventRounds "9"]
[EventCountry "CAN"]

1. d4 Nf6 2. c4 g6 3. Nc3 Bg7 4. e4 d6 5. Be2 O-O 6. Bg5 Nbd7 7. Qd2 e5 8. Nf3 Re8 9. d5 Nc5 10. Qc2 a5 11. O-O Bd7 12. Ne1 Qc8 13. Rb1 h6 14. Bxf6 Bxf6 15. Nd3 Nxd3 16. Bxd3 Bg5 17. Ne2 b6 18. Rfe1 Bg4 19. Kh1 Bxe2 20. Qxe2 Rf8 21. g3 Qd7 22. f3 Rae8 23. Qg2 Kh8 24. Re2 Bf6 25. Rbe1 Bg7 26. Rc2 f5 27. Qh3 Qf7 28. exf5 gxf5 29. Rf1 Qg6 30. Re2 Qg5 31. f4 exf4 32. Rxe8 Rxe8 33. gxf4 Qg4 34. Bxf5 Qxh3 35. Bxh3 Bxb2 36. Be6 Re7 37. Kg2 Kg7 38. Kf3 Kf6 39. Rg1 Rg7 40. Re1 a4 41. a3 Bd4 42. Bg4 Re7 43. Re6+ Rxe6 44. Bxe6 Bb2 45. Bd7 Bxa3 46. Bxa4 Bb2 47. Ke4 Bc1 48. Bd7 Bd2 49. Bg4 Bc1 50. h4 Bd2 51. h5 Bc1 52. Bf5 Bd2 1/2-1/2

[Event "Quebec op U2300"]
[Site "Montreal CAN"]
[Date "2007.07.20"]
[Round "1"]
[White "Pitre, Francois"]
[Black "Larochelle, Martial"]
[Result "0-1"]
[WhiteElo "2023"]
[BlackElo "2231"]
[PlyCount "94"]
[GameId "2160767910576306"]
[EventDate "2007.07.20"]
[EventType "swiss"]
[EventRounds "9"]
[EventCountry "CAN"]

1. d4 Nf6 2. c4 g6 3. Nc3 d5 4. Nf3 Bg7 5. Bf4 c5 6. e3 O-O 7. dxc5 Qa5 8. Rc1 dxc4 9. Bxc4 Qxc5 10. Be2 Nc6 11. O-O Qa5 12. Qa4 Qxa4 13. Nxa4 Ne4 14. Bd3 Bf5 15. g4 Nxf2 16. Bxf5 Nh3+ 17. Kh1 gxf5 18. gxf5 Nxf4 19. exf4 Rac8 20. Nc3 Nd4 21. Nxd4 Bxd4 22. Rf3 Rc5 23. Rd1 Bxc3 24. bxc3 Rxf5 25. Rd7 e6 26. Rg3+ Kh8 27. Rxb7 a5 28. Ra7 Rd8 29. Rg1 h6 30. a4 Rc8 31. Rg3 Kh7 32. Ra6 Rc4 33. Ra8 Rcxf4 34. Rag8 Rg5 35. R3xg5 hxg5 36. Rxg5 Rxa4 37. c4 Rxc4 38. Rxa5 Rc2 39. Rg5 Kh6 40. Rg8 e5 41. Kg1 f6 42. Rh8+ Kg5 43. Rg8+ Kf4 44. h4 e4 45. h5 Rc5 46. Rg6 Rg5+ 47. Kf1 f5 0-1

[Event "Quebec op U2300"]
[Site "Montreal CAN"]
[Date "2007.07.20"]
[Round "1"]
[White "Plante, Michel"]
[Black "Rosen, Matthew"]
[Result "1-0"]
[WhiteElo "2005"]
[BlackElo "2215"]
[PlyCount "87"]
[GameId "2160767910576307"]
[EventDate "2007.07.20"]
[EventType "swiss"]
[EventRounds "9"]
[EventCountry "CAN"]

1. g3 e5 2. Bg2 Nc6 3. d3 Nf6 4. Nf3 d5 5. c3 Bd6 6. Nbd2 Qe7 7. e4 dxe4 8. dxe4 Bg4 9. h3 Bh5 10. Qa4 Nd7 11. b4 O-O 12. g4 Bg6 13. Qc2 h5 14. Nc4 hxg4 15. hxg4 Nf6 16. Nh4 Nxg4 17. Nxg6 fxg6 18. f3 Nf6 19. Bg5 Qf7 20. Bxf6 Qxc4 21. Bf1 Qe6 22. Bg5 Rxf3 23. O-O-O Raf8 24. Be2 Rg3 25. Bh4 Rg2 26. Rdg1 Rxg1+ 27. Rxg1 a6 28. Bg4 Qf7 29. Bg3 b5 30. Rh1 Qc4 31. Be2 Qe6 32. Kb1 Be7 33. a3 Bf6 34. Bf2 Be7 35. Be3 Bf6 36. c4 Rb8 37. cxb5 axb5 38. Qd1 Rd8 39. Qc2 Nd4 40. Bxd4 Rxd4 41. Bxb5 Bg5 42. Bc6 Qd6 43. Qb3+ Kf8 44. Rh8+ 1-0

[Event "Quebec op U2300"]
[Site "Montreal CAN"]
[Date "2007.07.20"]
[Round "1"]
[White "Tessier, Olivier"]
[Black "Bolvary, Tamara"]
[Result "1-0"]
[WhiteElo "2218"]
[BlackElo "2023"]
[PlyCount "63"]
[GameId "2160767910576309"]
[EventDate "2007.07.20"]
[EventType "swiss"]
[EventRounds "9"]
[EventCountry "CAN"]

1. e4 c5 2. Nf3 e6 3. b3 b6 4. g3 Bb7 5. Nc3 d6 6. Bg2 Nf6 7. d3 d5 8. exd5 Nxd5 9. Bb2 Nd7 10. Nxd5 Bxd5 11. c4 Bb7 12. O-O Nf6 13. Qe2 Be7 14. Rad1 O-O 15. d4 Qc7 16. dxc5 bxc5 17. Be5 Qc6 18. Ne1 Qb6 19. Bf3 a5 20. Nd3 Bxf3 21. Qxf3 Rfd8 22. Nb2 Rxd1 23. Rxd1 Rd8 24. Rxd8+ Qxd8 25. Bc3 Ne8 26. Qc6 Kf8 27. Qb5 Qa8 28. Na4 Qe4 29. Nxc5 Qb1+ 30. Kg2 Bxc5 31. Qxc5+ Kg8 32. Qc6 1-0

[Event "Quebec op U2300"]
[Site "Montreal CAN"]
[Date "2007.07.20"]
[Round "1"]
[White "Voloaca, Mihnea"]
[Black "Valley, Michel"]
[Result "1-0"]
[WhiteElo "2267"]
[BlackElo "2042"]
[PlyCount "79"]
[GameId "2160767910576310"]
[EventDate "2007.07.20"]
[EventType "swiss"]
[EventRounds "9"]
[EventCountry "CAN"]

1. d4 Nf6 2. c4 g6 3. Nc3 Bg7 4. Nf3 O-O 5. Bg5 d6 6. e3 Nc6 7. d5 Ne5 8. Nxe5 dxe5 9. Be2 c6 10. e4 cxd5 11. exd5 h6 12. Be3 Nd7 13. Qd2 Kh7 14. c5 f5 15. f3 Nf6 16. O-O g5 17. Rad1 f4 18. Qc2+ Kh8 19. Bf2 Qe8 20. Bd3 e4 21. Bxe4 Nxe4 22. Qxe4 Bf5 23. Qe2 Qh5 24. Bd4 Rf7 25. h3 Rg8 26. Nb5 Qg6 27. Nxa7 h5 28. Kf2 g4 29. hxg4 Bxd4+ 30. Rxd4 Qf6 31. Rxf4 hxg4 32. Rh1+ Rh7 33. Rxh7+ Kxh7 34. fxg4 Qh4+ 35. Kg1 Bxg4 36. Qe4+ Kh6 37. Qe3 Rg5 38. Qxe7 Qh5 39. Qf8+ Rg7 40. Qh8+ 1-0

[Event "Quebec op U2300"]
[Site "Montreal CAN"]
[Date "2007.07.20"]
[Round "1"]
[White "Voskanyan, Vahagn"]
[Black "Falardeau, Bruno"]
[Result "1/2-1/2"]
[WhiteElo "2278"]
[BlackElo "2049"]
[PlyCount "103"]
[GameId "2160767910576311"]
[EventDate "2007.07.20"]
[EventType "swiss"]
[EventRounds "9"]
[EventCountry "CAN"]

1. e4 Nf6 2. e5 Nd5 3. Nc3 Nxc3 4. dxc3 Nc6 5. Bf4 d6 6. Nf3 g6 7. Bc4 e6 8. Qd2 d5 9. Bd3 Bd7 10. h4 f6 11. exf6 Qxf6 12. Bxc7 e5 13. Bb5 e4 14. Bxc6 Qxc6 15. Be5 exf3 16. Bxh8 fxg2 17. Rg1 Qe6+ 18. Qe3 Qxe3+ 19. fxe3 Bh3 20. Kf2 Bd6 21. Rxg2 Kd7 22. Bd4 Rf8+ 23. Kg1 Bxg2 24. Kxg2 a6 25. b3 Ke6 26. c4 dxc4 27. bxc4 Rc8 28. Kf3 Rxc4 29. c3 Be7 30. Rh1 Ra4 31. Rh2 Ra5 32. e4 Rh5 33. a4 Ra5 34. Rb2 b5 35. axb5 Rxb5 36. Ra2 a5 37. Bf2 Rb3 38. Bd4 Ra3 39. Rb2 Bb4 40. Kf4 Bxc3 41. Rb6+ Kf7 42. Rb7+ Ke6 43. Bxc3 Rxc3 44. Rxh7 Rc1 45. Ra7 Rf1+ 46. Ke3 Rh1 47. Ra6+ Kf7 48. Rxa5 Rxh4 49. Ra6 g5 50. Kd4 g4 51. Ke5 Rh8 52. Rf6+ 1/2-1/2

[Event "Quebec op U2300"]
[Site "Montreal CAN"]
[Date "2007.07.21"]
[Round "2"]
[White "Arsenault, Nicolas"]
[Black "Voloaca, Mihnea"]
[Result "1/2-1/2"]
[WhiteElo "2121"]
[BlackElo "2267"]
[PlyCount "111"]
[GameId "2160767910576312"]
[EventDate "2007.07.20"]
[EventType "swiss"]
[EventRounds "9"]
[EventCountry "CAN"]

1. e4 c5 2. Nf3 e6 3. d4 cxd4 4. Nxd4 a6 5. Bd3 Qc7 6. O-O Bc5 7. Nb3 Be7 8. Be3 Nf6 9. Nc3 d5 10. exd5 exd5 11. h3 O-O 12. Nd4 Nc6 13. Nxc6 bxc6 14. Ne2 c5 15. Bf4 Qb6 16. b3 Bb7 17. Ng3 g6 18. Re1 Rfe8 19. Qd2 Rad8 20. Be5 Nd7 21. Bc3 Qc6 22. Be2 Bf6 23. Bxf6 Qxf6 24. Bf1 h5 25. Rxe8+ Rxe8 26. Re1 Rd8 27. Ne2 d4 28. Qf4 Re8 29. Rd1 Qc6 30. Nc1 Re4 31. Qg5 Re5 32. Qd2 Qf6 33. Re1 Rg5 34. Nd3 h4 35. Qf4 Rf5 36. Qh6 Ne5 37. f4 Rh5 38. fxe5 Qxf1+ 39. Kxf1 Rxh6 40. Nxc5 Bc6 41. a4 a5 42. Ne4 Kg7 43. Nf6 Rh8 44. Rd1 Rd8 45. Kf2 g5 46. Rd3 Bb7 47. g3 Rc8 48. Rd2 Rc3 49. gxh4 Rf3+ 50. Ke1 Rxh3 51. hxg5 Rh1+ 52. Kf2 Rh2+ 53. Ke1 Rh1+ 54. Ke2 Ba6+ 55. Kf3 Bb7+ 56. Kf2 1/2-1/2

[Event "Quebec op U2300"]
[Site "Montreal CAN"]
[Date "2007.07.21"]
[Round "2"]
[White "Audet-Bouchard, Nicolas"]
[Black "Yuan, Yuanling"]
[Result "0-1"]
[WhiteElo "2245"]
[BlackElo "1964"]
[PlyCount "106"]
[GameId "2160767910576313"]
[EventDate "2007.07.20"]
[EventType "swiss"]
[EventRounds "9"]
[EventCountry "CAN"]

1. c4 Nf6 2. Nc3 g6 3. g3 Bg7 4. Bg2 d6 5. e3 e5 6. Nge2 O-O 7. O-O Nc6 8. d3 Be6 9. Nd5 Qc8 10. Nec3 Bh3 11. Nxf6+ Bxf6 12. Nd5 Bd8 13. b4 Bxg2 14. Kxg2 f5 15. Bb2 Ne7 16. f4 Nxd5 17. cxd5 exf4 18. gxf4 Bf6 19. Bxf6 Rxf6 20. Rc1 Rf7 21. h4 Rg7 22. Rf3 Qd8 23. Rh3 Qf6 24. Rc2 Re8 25. Kf2 Qe7 26. Qh1 Qd7 27. Qa1 Qa4 28. Qb2 Qb5 29. Qd4 Qa4 30. Re2 a5 31. Rb2 Ra8 32. h5 axb4 33. Kf3 Qd1+ 34. Kf2 gxh5 35. Rg3 Rxg3 36. Kxg3 Kf7 37. Kh2 Rg8 38. Rg2 Rxg2+ 39. Kxg2 Qe2+ 40. Kh1 Qf1+ 41. Kh2 Qf2+ 42. Kh1 h4 43. Qh8 Qf3+ 44. Kh2 Qg3+ 45. Kh1 Qg8 46. Qb2 h3 47. e4 Qg2+ 48. Qxg2 hxg2+ 49. Kxg2 Kf6 50. Kf3 c6 51. dxc6 bxc6 52. Ke3 c5 53. Kf3 h5 0-1

[Event "Quebec op U2300"]
[Site "Montreal CAN"]
[Date "2007.07.21"]
[Round "2"]
[White "Caire, Francois"]
[Black "Benoit-Deschamps, Jean-Marc"]
[Result "1/2-1/2"]
[WhiteElo "2275"]
[BlackElo "2101"]
[PlyCount "172"]
[GameId "2160767910576315"]
[EventDate "2007.07.20"]
[EventType "swiss"]
[EventRounds "9"]
[EventCountry "CAN"]

1. d4 Nf6 2. c4 e6 3. Nf3 c5 4. d5 exd5 5. cxd5 d6 6. e4 g6 7. Nc3 Bg7 8. Be2 O-O 9. O-O Re8 10. Nd2 Nbd7 11. a4 Ne5 12. Re1 g5 13. Nf1 h6 14. Ng3 Ng6 15. f3 a6 16. Bf1 Nf4 17. Be3 N6h5 18. Bf2 Be5 19. Ra3 Ng7 20. Qd2 h5 21. Be3 h4 22. Nh1 Qf6 23. Nf2 Qg6 24. Nd3 Nxd3 25. Bxd3 f6 26. Ne2 Nh5 27. Bb1 Rb8 28. f4 gxf4 29. Nxf4 Nxf4 30. Bxf4 Kh7 31. Qf2 Qh5 32. Bxe5 fxe5 33. Qf6 Rg8 34. Qxd6 Qg5 35. g3 Bh3 36. Qxc5 Rbc8 37. Qe3 hxg3 38. Qxg5 Rxg5 39. Rxg3 Kg6 40. Kf2 Rxg3 41. hxg3 Rc4 42. b3 Rc3 43. Re3 Rc1 44. Bd3 Bg4 45. Be2 Rc2 46. Ke1 Bxe2 47. Rxe2 Rc3 48. Kf2 Rxb3 49. Rd2 Kf7 50. d6 Ke8 51. Rd5 Kd7 52. a5 b5 53. axb6 Rxb6 54. g4 Rb3 55. g5 Rc3 56. g6 Rc8 57. Rxe5 Kxd6 58. Ra5 Ra8 59. Ke3 Ke6 60. Kf4 Kf6 61. Rg5 a5 62. g7 Kf7 63. e5 Rg8 64. Rg1 Rxg7 65. Ra1 Rg6 66. Rxa5 Rb6 67. Kf5 Ke7 68. Ra7+ Kd8 69. Rg7 Ra6 70. Rb7 Rc6 71. Ke4 Ra6 72. Rh7 Rb6 73. Kd5 Rg6 74. Ra7 Rh6 75. Rb7 Ra6 76. Rg7 Rh6 77. Rg2 Ke7 78. Rg1 Ke8 79. Rg2 Ra6 80. Rb2 Rh6 81. Rd2 Ra6 82. e6 Ke7 83. Re2 Ra5+ 84. Kc6 Ra6+ 85. Kd5 Ra5+ 86. Ke4 Ra6 1/2-1/2

[Event "Quebec op U2300"]
[Site "Montreal CAN"]
[Date "2007.07.21"]
[Round "2"]
[White "Falardeau, Bruno"]
[Black "Luksza, Arkadiusz"]
[Result "1-0"]
[WhiteElo "2049"]
[BlackElo "2239"]
[PlyCount "91"]
[GameId "2160767910576316"]
[EventDate "2007.07.20"]
[EventType "swiss"]
[EventRounds "9"]
[EventCountry "CAN"]

1. e4 e6 2. d4 d5 3. exd5 exd5 4. Bd3 Bd6 5. Ne2 Nf6 6. Nbc3 c6 7. Bg5 Nbd7 8. Qd2 O-O 9. Ng3 Re8+ 10. Nce2 Nf8 11. Nf5 Bxf5 12. Bxf5 h6 13. Be3 Ne4 14. Bxe4 Rxe4 15. Ng3 Re6 16. Nf5 Qb6 17. O-O Rae8 18. Rfe1 Bb8 19. f3 Qxb2 20. Reb1 Qa3 21. Rxb7 Rxe3 22. Nxe3 Bf4 23. Nc4 Qa6 24. Qxf4 Qxb7 25. Nd6 Qc7 26. Rb1 Ng6 27. Qg3 Re6 28. Nf5 Qa5 29. h4 Rf6 30. Qb8+ Kh7 31. Qc8 Qd2 32. Rb8 Qc1+ 33. Kh2 Qf4+ 34. g3 Qxb8 35. Qxb8 Rxf5 36. Kg2 a5 37. Qa8 Rf6 38. Qxa5 Re6 39. Kf2 Ne7 40. Qc5 Kg6 41. a4 Nf5 42. a5 Ne3 43. a6 Nd1+ 44. Kg2 Re2+ 45. Kf1 Rh2 46. Qa3 1-0

[Event "Quebec op U2300"]
[Site "Montreal CAN"]
[Date "2007.07.21"]
[Round "2"]
[White "Filiatrault, Alexandre"]
[Black "Pitre, Francois"]
[Result "1/2-1/2"]
[WhiteElo "1854"]
[BlackElo "2023"]
[PlyCount "82"]
[GameId "2160767910576317"]
[EventDate "2007.07.20"]
[EventType "swiss"]
[EventRounds "9"]
[EventCountry "CAN"]

1. e4 e6 2. d4 d5 3. Nc3 Nf6 4. Bg5 dxe4 5. Bxf6 gxf6 6. Nxe4 a6 7. Nf3 Nd7 8. Bc4 b5 9. Bb3 Bb7 10. Qe2 Nb6 11. O-O Bd5 12. Rfe1 Be7 13. c3 c6 14. Bc2 h5 15. a4 Qc7 16. axb5 axb5 17. Nc5 Rxa1 18. Rxa1 Qf4 19. Be4 O-O 20. Bxd5 Nxd5 21. Nd3 Qg4 22. h3 Qf5 23. Nh4 Qg5 24. Nf3 Qf5 25. Nh4 Qg5 26. Nf3 Nf4 27. Nxf4 Qxf4 28. Qe3 Bd6 29. Qxf4 Bxf4 30. g3 Bd6 31. Ra6 Rc8 32. Nd2 f5 33. f4 h4 34. Kf2 hxg3+ 35. Kxg3 Kf8 36. Nf3 Rc7 37. Ne5 Bxe5 38. dxe5 f6 39. Ra8+ Kg7 40. Re8 Kf7 41. Rh8 Kg7 1/2-1/2

[Event "Quebec op U2300"]
[Site "Montreal CAN"]
[Date "2007.07.21"]
[Round "2"]
[White "Gilman, Arkadiy"]
[Black "Courval, Francois"]
[Result "1/2-1/2"]
[WhiteElo "2068"]
[BlackElo "1933"]
[PlyCount "44"]
[GameId "2160767910576318"]
[EventDate "2007.07.20"]
[EventType "swiss"]
[EventRounds "9"]
[EventCountry "CAN"]

1. d4 f5 2. g3 Nf6 3. Bg2 e6 4. c4 Be7 5. Nc3 O-O 6. e4 fxe4 7. Nxe4 d6 8. Ne2 Nbd7 9. Ng5 Nb6 10. Bh3 Ng4 11. Bxg4 Bxg5 12. Qd3 Bxc1 13. Rxc1 Qg5 14. Bh3 e5 15. Bxc8 Raxc8 16. O-O Nd7 17. dxe5 Qxe5 18. Nc3 Nc5 19. Qd5+ Qxd5 20. Nxd5 Rfe8 21. Rce1 Kf7 22. Rxe8 Rxe8 1/2-1/2

[Event "Quebec op U2300"]
[Site "Montreal CAN"]
[Date "2007.07.21"]
[Round "2"]
[White "Gulko, Andrei"]
[Black "Ibrahim, Anthony"]
[Result "1/2-1/2"]
[WhiteElo "2092"]
[BlackElo "2176"]
[PlyCount "94"]
[GameId "2160767910576319"]
[EventDate "2007.07.20"]
[EventType "swiss"]
[EventRounds "9"]
[EventCountry "CAN"]

1. d4 d5 2. Bg5 h6 3. Bh4 Qd6 4. Nf3 Bf5 5. e3 Nd7 6. Nbd2 g5 7. Bg3 Qg6 8. c4 e6 9. Bxc7 Rc8 10. Ba5 Bc2 11. Qc1 Bd3 12. Bxd3 Qxd3 13. b3 g4 14. Ng1 b6 15. Bc3 dxc4 16. bxc4 b5 17. Ne2 bxc4 18. Nf4 Qf5 19. Qb1 Qxb1+ 20. Rxb1 Nb6 21. O-O Bd6 22. Ne2 Ne7 23. Rfc1 f5 24. Ba5 Ned5 25. Bxb6 Nxb6 26. Rc2 Rh7 27. a4 Rhc7 28. Nc3 Be7 29. Nb5 Rb7 30. a5 Nd5 31. Nd6+ Bxd6 32. Rxb7 c3 33. Nb1 a6 34. Kf1 Bb4 35. Rh7 Rc6 36. Ke2 Bxa5 37. f3 Rb6 38. Na3 Rb4 39. fxg4 Ra4 40. Nb1 Ra1 41. Rb7 Bb4 42. Nd2 Kd8 43. Nf3 fxg4 44. Ne5 a5 45. Nd3 Rg1 46. Kf2 Rd1 47. Ke2 Rg1 1/2-1/2

[Event "Quebec op U2300"]
[Site "Montreal CAN"]
[Date "2007.07.21"]
[Round "2"]
[White "Hajiyev, Elshad"]
[Black "Libersan, Thierry"]
[Result "1-0"]
[WhiteElo "2050"]
[BlackElo "2166"]
[PlyCount "57"]
[GameId "2160767910576320"]
[EventDate "2007.07.20"]
[EventType "swiss"]
[EventRounds "9"]
[EventCountry "CAN"]

1. e4 c5 2. c3 d5 3. exd5 Qxd5 4. d4 Nf6 5. Nf3 e6 6. Bd3 cxd4 7. cxd4 Nc6 8. Nc3 Qd6 9. O-O Be7 10. Qe2 O-O 11. Rd1 Nb4 12. Bc4 a6 13. Bg5 b5 14. Bb3 Re8 15. d5 Nbxd5 16. Bxf6 gxf6 17. Nxd5 exd5 18. Bxd5 Qb8 19. Bc6 Bb7 20. Bxe8 Qxe8 21. Re1 Kf8 22. Qe3 Qd7 23. Rad1 Qc7 24. Qh6+ Kg8 25. Rd4 f5 26. Ng5 Bxg5 27. Qxg5+ Kf8 28. Rh4 Re8 29. Qh6+ 1-0